000 00560nam a2200217Ia 4500
003 OSt
005 20220926040617.0
006 a|||||r|||| 00| 0
007 ta
008 220923b |||||||| |||| 00| 0 eng d
037 _cGeneral Book
040 _aRTL
_cRTL
_beng
041 _2eng
_aeng
082 _aX:8Fv1.N6, K3
100 _aDeinzer Harvey T
_9343845
245 0 _aDevelopment of accounting thought
260 _c1965
650 _aBudgeting
942 _hX:8Fv1.N6, K3
_cGB
_2CC
999 _c665202
_d665202